000 00994cam a2200229 4500
001 WB3713-21
008 000000n2001 000 0 eng u
035 _a(Sirsi) u111680
245 _aEstate agents to earn more commission under new launch
260 _c2001
490 _aNegotiator
_v (16: 6) 23 March 2001, 8(1)
520 _aA new service, estateagents-e.com is giving estate agents added incentives to sell homes in need of refurbishment. For a £50 joining fee, the business also provides agents with the opportunity to update and modernise instructions on behalf of the property buyer or seller.
590 _aWB
650 _aESTATEAGENTS-E.COM
650 _aRESIDENTIAL AGENCY
650 _aBUILT ENVIRONMENT-BUILDING MAINTENANCE AND REFURBISHMENT
650 _aProperty management
_96262
650 _aPROPERTY-RESIDENTIAL PROPERTY-ACQUISITION AND DISPOSAL OF RESIDENTIAL PROPERTY
650 _aINTERNET SERVICE
690 _aPROPERTY MANAGEMENT
_96262
942 _n0
999 _c66542
_d66542